Kamus KEMBANGAN : (Record no. 181372)

MARC details
000 -LEADER
fixed length control field 01745aam a2200457 i 4500
001 - CONTROL NUMBER
control field vtls000774339
003 - CONTROL NUMBER IDENTIFIER
control field PNM
005 - DATE AND TIME OF LATEST TRANSACTION
control field 20210119163123.0
008 - FIXED-LENGTH DATA ELEMENTS--GENERAL INFORMATION
fixed length control field 150612t20142014my a g d 000 0 may
015 ## - NATIONAL BIBLIOGRAPHY NUMBER
National bibliography number M15-06763
National bibliography number M15-08586
020 ## - INTERNATIONAL STANDARD BOOK NUMBER
International Standard Book Number 9789830109800
Qualifying information paperback
Terms of availability RM72.00
International Standard Book Number 9789830109817
Qualifying information hardback
Terms of availability RM82.00
039 #9 - LEVEL OF BIBLIOGRAPHIC CONTROL AND CODING DETAIL [OBSOLETE]
Level of rules in bibliographic description 201512041608
Level of effort used to assign nonsubject heading access points habirah
Level of effort used to assign subject headings 201512040922
Level of effort used to assign classification pbn
Level of effort used to assign subject headings 201511161424
Level of effort used to assign classification habirah
Level of effort used to assign subject headings 201511161422
Level of effort used to assign classification habirah
040 ## - CATALOGING SOURCE
Original cataloging agency BNM
Language of cataloging eng
Transcribing agency BNM
Description conventions rda
Modifying agency PPAK
041 0# - LANGUAGE CODE
Language code of text/sound track or separate title may
-- chi
-- eng
049 ## - LOCAL HOLDINGS (OCLC)
Holding library mal
082 04 - DEWEY DECIMAL CLASSIFICATION NUMBER
Classification number 413.9923
Edition number 23
090 00 - LOCALLY ASSIGNED LC-TYPE CALL NUMBER (OCLC); LOCAL CALL NUMBER (RLIN)
Classification number (OCLC) (R) ; Classification number, CALL (RLIN) (NR) 413.9923
Feature heading LAI
Feature heading R
100 1# - MAIN ENTRY--PERSONAL NAME
Personal name Lai, Choy,
Dates associated with a name 1941-
Relator term compiler.
245 10 - TITLE STATEMENT
Linkage 880-01
Title Kamus KEMBANGAN :
Remainder of title Bahasa Malaysia • Bahasa Cina • Bahasa Inggeris = Quan xin jing bian Ma Hua ying da ci dian /
Statement of responsibility, etc. Penyusun Lai Choy
246 31 - VARYING FORM OF TITLE
Linkage 880-02
Title proper/short title Quan xin jing bian Ma Hua ying da ci dian
250 ## - EDITION STATEMENT
Edition statement Edisi Kedua
264 #1 - PRODUCTION, PUBLICATION, DISTRIBUTION, MANUFACTURE, AND COPYRIGHT NOTICE
Place of production, publication, distribution, manufacture Seri Kembangan, Selangor :
Name of producer, publisher, distributor, manufacturer UNITED PUBLISHING HOUSE (M) SDN. BHD.,
Date of production, publication, distribution, manufacture, or copyright notice [2014]
Date of production, publication, distribution, manufacture, or copyright notice ©2014
300 ## - PHYSICAL DESCRIPTION
Extent xix, 2018 pages :
Other physical details illustrations ;
Dimensions 22 cm
336 ## - CONTENT TYPE
Content type term text
Source rdacontent
337 ## - MEDIA TYPE
Media type term unmediated
Source rdamedia
338 ## - CARRIER TYPE
Carrier type term volume
Source rdacarrier
546 ## - LANGUAGE NOTE
Language note Parallel bahasa Malaysia, Chinese and English text
650 10 - SUBJECT ADDED ENTRY--TOPICAL TERM
Topical term or geographic name entry element Malay language
Form subdivision Dictionaries
General subdivision Polyglot.
Topical term or geographic name entry element Chinese language
Form subdivision Dictionaries
General subdivision Polyglot.
Topical term or geographic name entry element English language
Form subdivision Dictionaries
General subdivision Polyglot.
880 10 - ALTERNATE GRAPHIC REPRESENTATION
Linkage 245-01 /$1
a Kamus KEMBANGAN :
b Bahasa Malaysia • Bahasa Cina • Bahasa Inggeris = 全新精编马华英大词典 /
c Penyusun Lai Choy
Linkage 246-02/$1
a 全新精编马华英大词典
942 ## - ADDED ENTRY ELEMENTS (KOHA)
Source of classification or shelving scheme Dewey Decimal Classification
Koha item type Book
949 ## - LOCAL PROCESSING INFORMATION (OCLC)
6 2000068744
6 2000068743
6 2000075093
6 2000075094
Holdings
Withdrawn Not for loan Current library Shelving location Date acquired Full call number Barcode Date last seen Koha item type
  Not For Loan Perpustakaan Alor Setar Rujukan Dewasa 29/01/2021 R 413.9923 LAI A01673772 29/01/2021 Book
  Not For Loan Perpustakaan Awam Sungai Petani Rujukan Dewasa 29/01/2021 R 413.9923 LAI A01673773 29/01/2021 Book
  Not For Loan Perpustakaan Baling Rujukan Dewasa 29/01/2021 R 413.9923 LAI A01673776 29/01/2021 Book
  Not For Loan Perpustakaan Kulim Rujukan Dewasa 29/01/2021 R 413.9923 LAI A01673775 29/01/2021 Book
  Not For Loan Perpustakaan Langkawi Rujukan Dewasa 29/01/2021 R 413.9923 LAI A01673774 29/01/2021 Book